Gemeinden Bezirk Thun - Statistiken

Allgemein
  • Dieses Quiz wurde 91 mal gespielt
  • Das Durchschnittsergebnis liegt bei 12 aus 30
Antwortstatistiken
Antwort % Korrekt
Steffisburg 16'071
95%
Thun 43'670
91%
Stocken-Höfen 1021
68%
Uetendorf 5858
64%
Sigriswil 4878
59%
Heimberg 7020
55%
Hilterfingen 4056
55%
Oberhofen am Thunersee 2465
55%
Amsoldingen 788
50%
Thierachern 2539
50%
Blumenstein 1267
45%
Uttigen 2173
45%
Uebeschi 720
41%
Eriz 478
36%
Forst-Längenbühl 766
32%
Heiligenschwendi 756
32%
Pohlern 230
32%
Seftigen 2161
32%
Wattenwil 3165
32%
Burgistein 1098
27%
Homberg 501
27%
Horrenbach-Buchen 231
27%
Oberlangenegg 465
27%
Reutigen 1351
27%
Unterlangenegg 1092
27%
Fahrni 813
23%
Buchholterberg 1536
18%
Wachseldorn 224
18%
Gurzelen 889
14%
Teuffenthal (BE) 158
5%
Keine übereinstimmenden Quizze gefunden
Verteilung der Resultate
Anzahl Personen mit jedem Resultat
Perzentil nach korrekt beantworteten Fragen
Ihre Resultats-Entwicklung
Sie haben dieses Quiz noch nicht gespielt